000 00712nam a2200181Ia 4500
999 _c9838
_d9838
005 20231023162813.0
008 231020s9999 xx 000 0 und d
040 _aUPAN
_cBiblioteca San Vicente
_eRCAA2
041 _aspa
082 _a346.728 4
_bM573l
_c2003
110 _aCorte Suprema de Justicia
_4aut.
245 0 _aLĂ­neas y criterios jurisprudenciales de la sala de lo civil/
_cCorte Suprema de Justicia
260 _aEl Salvador:
_bCSJ,
_c2003
300 _a103 p.;
_c22 cm.
505 _aI. Materia Laboral, II. Materia Civil, III. Materia Procesal Civil, IV. Mteria Mercantil, V. Materia de Familia, VI. Materia Procesal de Familia
650 _2LEMB
_aDerecho Civil
_zEl Salvador
942 _cBK
_2ddc